Doklady vydávané elektronickou registračnou pokladnicou

Ustanovenia o daniach. Aké náležitosti musí obsahovať daňový doklad a zjednodušený daňový doklad. Povinnosti platiteľa a neplatiteľa DPH.

Salvato in:
Dettagli Bibliografici
Autore principale: Kováčiková, E.
Natura: Capitolo di libro
Lingua:slovacco
Soggetti:
Tags: Aggiungi Tag
Nessun Tag, puoi essere il primo ad aggiungerne!!

MARC

LEADER 00000naa a2200000 4500
001 r018212
005 20221213095650.5
041 0 |a slo 
044 |a SK 
245 1 0 |a Doklady vydávané elektronickou registračnou pokladnicou  |c E. Kováčiková 
520 |a Ustanovenia o daniach. Aké náležitosti musí obsahovať daňový doklad a zjednodušený daňový doklad. Povinnosti platiteľa a neplatiteľa DPH. 
610 2 0 |a Slovensko 
610 2 0 |a dane 
610 2 0 |a dane z hodnoty pridanej 
610 2 0 |a vyhlášky 
610 2 0 |a pokladnice kontrolné 
610 2 0 |a doklady daňové 
610 2 0 |a daňovníci 
100 1 |a Kováčiková, E.